000 00680nam a2200217 a 4500
001 000010575
005 20241130074012.0
008 091008t1999 dr 001 p spa d
020 _a976817529X
040 _aDO-SdBNP
_bspa
_cBNPHU
082 _aRD861.44
_bM385si
100 1 _aMartínez, Eddy
_925653
245 1 0 _aSilvestre leyenda oscura /
_cEddy Martínez ; prólogo Odalís G. Pérez.
260 _aSanto Domingo :
_bCocolo,
_c1999.
300 _a62 p. ;
_c21 cm.
590 _aInventariado, 2018/LP
650 0 _aPoesía dominicana
_966
650 0 _aLiteratura dominicana.
_967
700 1 _aPérez, Odalís
_d1952-
_923828
910 _aValidado. Control de calidad EMS
999 _c10333
_d10333